Marcelino pan y vino: cuentos de padres a hijos
Gardado en:
| Autor Principal: | |
|---|---|
| Formato: | Libro |
| Idioma: | Lingua castelá |
| Publicado: |
Santiago
Andrés Bello
1995
|
| Edición: | 6a. ed |
| Series: | Colección Andrés Bello, 73
|
| Subjects: | |
| Tags: |
Engadir etiqueta
Sen Etiquetas, Sexa o primeiro en etiquetar este rexistro!
|
MARC
| LEADER | 00000nam a2200000 a 4500 | ||
|---|---|---|---|
| 001 | UCH6062 | ||
| 003 | CL-VaPUC | ||
| 008 | 091109e19950000CL |||||||||||||||||spa|d | ||
| 020 | |a 9561309180 | ||
| 082 | 0 | 4 | |a Ch863 |b SAN |2 21 |
| 100 | 0 | |a Sánchez-Silva, José María |e author |9 542442 | |
| 245 | 1 | 0 | |a Marcelino pan y vino: cuentos de padres a hijos |
| 250 | |a 6a. ed | ||
| 300 | |a 64 p | ||
| 942 | |c BK | ||
| 945 | |d 20091109 00:00:00 |a ccalabra | ||
| 260 | |a Santiago |b Andrés Bello |c 1995 | ||
| 650 | 0 | |a Literatura |9 259151 | |
| 650 | 0 | |a Literatura chilena |9 308278 | |
| 650 | 0 | |a Novelas chilenas |9 265425 | |
| 650 | 0 | |a Escritores chilenos |9 420370 | |
| 650 | 0 | |a Narrativa |9 336727 | |
| 650 | 0 | |a Lectura |9 307634 | |
| 651 | 7 | |a CHILE |2 CL-VaPUC |9 542443 | |
| 583 | |a last modification |c 20091109 00:00:00 |k Rodrigo Vera | ||
| 490 | 0 | |a Colección Andrés Bello, 73 | |
| 999 | |c 337028 |d 337026 | ||